[Event "Imperia op 27th"]
[Site "Imperia"]
[Date "1985.09.08"]
[Round "9"]
[White "Gunev, Zlatan"]
[Black "Lava, Gianni"]
[Result "1-0"]
[WhiteElo "2230"]
[BlackElo "1996"]
[PlyCount "67"]
[EventDate "1985.09.01"]
[EventType "swiss"]
[EventRounds "9"]
[EventCountry "ITA"]
[SourceTitle "EXT 2024"]
[Source "ChessBase"]
[SourceDate "2023.10.10"]
[SourceVersion "1"]
[SourceVersionDate "2023.10.10"]
[SourceQuality "1"]

1. d4 g6 2. e4 Bg7 3. Nf3 d6 4. Bd3 Bg4 5. c3 e5 6. Be3 Nc6 7. Bb5 Bd7 8. Nbd2 Nge7 9. dxe5 dxe5 10. 0-0 0-0 11. Nb3 a6 12. Be2 b6 13. Qc2 Qc8 14. Rad1 f5 15. exf5 gxf5 16. Ng5 h6 17. Bc4+ Kh8 18. Nf3 e4 19. Qd2 f4 20. Qxd7 fxe3 21. Qxc8 Raxc8 22. Nfd4 Ne5 23. Be6 exf2+ 24. Rxf2 Rcd8 25. Rxf8+ Bxf8 26. Re1 c5 27. Nf5 Nxf5 28. Bxf5 Nd3 29. Re2 c4 30. Nd4 Bc5 31. Bxe4 Nxb2 32. Rxb2 Rxd4 33. cxd4 Bxd4+ 34. Rf2 1-0

[Event "Imperia op 27th"]
[Site "Imperia"]
[Date "1985.09.06"]
[Round "7"]
[White "Lava, Gianni"]
[Black "Casa, Alex"]
[Result "1/2-1/2"]
[WhiteElo "1996"]
[BlackElo "2275"]
[PlyCount "41"]
[EventDate "1985.09.01"]
[EventType "swiss"]
[EventRounds "9"]
[EventCountry "ITA"]
[SourceTitle "EXT 2024"]
[Source "ChessBase"]
[SourceDate "2023.10.10"]
[SourceVersion "1"]
[SourceVersionDate "2023.10.10"]
[SourceQuality "1"]

1. d4 Nf6 2. Nf3 g6 3. g3 Bg7 4. Bg2 d6 5. 0-0 0-0 6. Nc3 c6 7. a4 Qa5 8. h3 Nbd7 9. e4 e5 10. Re1 Re8 11. Be3 Nf8 12. Qd2 Ne6 13. d5 cxd5 14. Nxd5 Qxd2 15. Nxf6+ Bxf6 16. Bxd2 Bd7 17. Bb4 Nc5 18. b3 Bc6 19. Nd2 Be7 20. Nc4 f6 21. Rad1 1/2-1/2

[Event "Imperia op 27th"]
[Site "Imperia"]
[Date "1985.09.01"]
[Round "1"]
[White "Lava, Gianni"]
[Black "Mantovani, Renzo"]
[Result "0-1"]
[WhiteElo "1996"]
[BlackElo "2232"]
[PlyCount "60"]
[EventDate "1985.09.01"]
[EventType "swiss"]
[EventRounds "9"]
[EventCountry "ITA"]
[SourceTitle "EXT 2024"]
[Source "ChessBase"]
[SourceDate "2023.10.10"]
[SourceVersion "1"]
[SourceVersionDate "2023.10.10"]
[SourceQuality "1"]

1. d4 Nf6 2. Nf3 e6 3. g3 c5 4. Bg2 cxd4 5. Nxd4 Nc6 6. 0-0 Qb6 7. Nb3 d6 8. c4 Bd7 9. Nc3 a6 10. Bf4 Nd8 11. Rc1 Rc8 12. Be3 Qc7 13. Nd4 Be7 14. Kh1 0-0 15. f4 Re8 16. b3 Nc6 17. Nd5 exd5 18. cxd5 Bf8 19. Bg1 Ne4 20. dxc6 bxc6 21. Qc2 d5 22. Rfd1 Ba3 23. Rb1 c5 24. Nf3 Bf5 25. Rd3 c4 26. bxc4 dxc4 27. Qa4 cxd3 28. Qxa3 dxe2 29. Nd4 Nxg3+ 30. hxg3 Bxb1 0-1